|
|
|
|
| LEADER |
00000nab a2200000 a 4500 |
| 001 |
vtls009449575 |
| 003 |
SK-MaSNL |
| 005 |
20260304153008.0 |
| 008 |
250506c2008 xo |||||||||||000 b|slo |
| 015 |
|
|
|a SNBRB2008/11
|2 snkbucl
|
| 035 |
|
|
|a urn:nbn:sk:snk-ab87iy
|
| 035 |
|
|
|a (urnnbn)urn:nbn:sk:snk:ar-006pbp
|
| 035 |
|
|
|a (uuid)056eb5d2-67a6-4fdd-927c-5011be973407
|
| 038 |
|
|
|a SNKBUCL
|
| 040 |
|
|
|a SNKBUCL
|b slo
|c SNKBUCL
|e AACR2
|
| 041 |
0 |
|
|a slo
|
| 044 |
|
|
|a xo
|c SK
|
| 080 |
|
|
|a 636.2.083.42
|2 1997
|
| 080 |
|
|
|a 636.2.09
|2 1997
|
| 080 |
|
|
|a 631.223
|2 1997
|
| 100 |
1 |
|
|a Ledecký, Valent,
|d 1950-
|4 aut
|9 204823
|
| 245 |
1 |
0 |
|a Vhodná je kombinácia niekoľkých typov podlahových povrchov v jednom komplexe pre dojnice
|c Valent Ledecký
|
| 300 |
|
|
|b Fotogr.
|
| 650 |
0 |
7 |
|a mliečny dobytok
|2 snkbucl
|9 67365
|
| 650 |
0 |
7 |
|a paznechty
|2 snkbucl
|9 27476
|
| 650 |
0 |
7 |
|a ošetrovanie hospodárskych zvierat
|2 snkbucl
|9 82473
|
| 650 |
0 |
7 |
|a maštale
|2 snkbucl
|9 18699
|
| 650 |
0 |
7 |
|a podlahy
|2 snkbucl
|9 25280
|
| 773 |
0 |
|
|t Slovenský chov
|g Roč. XIII, č. 10 (2008), s. 24-25
|x 1335-1990
|
| 850 |
|
|
|a Slovenská národná knižnica
|
| 852 |
|
|
|a Slovenská národná knižnica
|
| 954 |
|
|
|a odborná, vedecká literatúra pôvodná (slovenská)
|2 lita
|
| 958 |
|
|
|a article9
|
| 958 |
|
|
|a OND
|
| 958 |
|
|
|a EUIPO
|
| 999 |
|
|
|c 2952011
|d 2953941
|